[Event "4MCRV_F"]
[Site "?"]
[Date "2004.??.??"]
[Round "?"]
[White "Kuta, Jiri"]
[Black "Valak, Alois"]
[Result "1/2-1/2"]
[WhiteElo "2322"]
[BlackElo "2250"]
[PlyCount "99"]
[EventDate "2004.??.??"]
[EventType "corr"]
[SourceDate "2004.06.03"]

1. d4 Nf6 2. c4 e6 3. Nc3 Bb4 4. Qc2 O-O 5. a3 Bxc3+ 6. Qxc3 b6 7. Bg5 Bb7 8.
f3 h6 9. Bh4 d5 10. e3 Re8 11. Nh3 Nbd7 12. cxd5 exd5 13. Be2 c5 14. O-O Qe7
15. Bf2 Rac8 16. Rfe1 cxd4 17. Qxd4 Nc5 18. Rad1 Nb3 19. Qa4 Nc5 20. Qf4 Bc6
21. b4 Ne6 22. Qh4 Ba4 23. Rc1 Rxc1 24. Rxc1 Qd7 25. Re1 Qc6 26. Nf4 Nc7 27.
Nd3 Qc3 28. Qd4 Nb5 29. Qxc3 Nxc3 30. Nb2 Nxe2+ 31. Rxe2 Bb3 32. Rd2 Rc8 33.
Bh4 Rc1+ 34. Kf2 Nd7 35. Nd3 Ra1 36. Nf4 Ne5 37. Nxd5 Bxd5 38. Rxd5 Nc4 39. Rd3
Ra2+ 40. Kf1 Nxa3 41. Be1 Nc4 42. e4 Kf8 43. h4 h5 44. Kg1 Ke7 45. Rd4 Na3 46.
Rd3 f6 47. Rc3 Ra1 48. Kf1 Kd7 49. Ke2 Ra2+ 50. Kd3 1/2-1/2

[Event "4MCRV_F"]
[Site "?"]
[Date "2004.??.??"]
[Round "?"]
[White "Nosek, Jaroslav"]
[Black "Bucek, Jiri"]
[Result "1/2-1/2"]
[WhiteElo "2297"]
[BlackElo "2336"]
[PlyCount "32"]
[EventDate "2004.??.??"]
[EventType "corr"]
[SourceDate "2004.06.03"]

1. e4 c5 2. Nf3 e6 3. d4 cxd4 4. Nxd4 Nf6 5. Nc3 Nc6 6. Nxc6 bxc6 7. e5 Nd5 8.
Ne4 Qc7 9. f4 Qb6 10. c4 Ne3 11. Qd3 Bb4+ 12. Bd2 Ba6 13. b3 O-O 14. Bxb4 Qxb4+
15. Kf2 Nd5 16. g3 Qb6+ 1/2-1/2

[Event "4MCRV_F"]
[Site "?"]
[Date "2004.??.??"]
[Round "?"]
[White "Nosek, Jaroslav"]
[Black "Hladecek, Miloslav"]
[Result "1/2-1/2"]
[WhiteElo "2297"]
[BlackElo "2283"]
[PlyCount "49"]
[EventDate "2004.??.??"]
[EventType "corr"]
[SourceDate "2004.06.03"]

1. e4 e6 2. d4 d5 3. Nc3 Nf6 4. Bg5 dxe4 5. Nxe4 Nbd7 6. Nf3 Be7 7. Nxf6+ Bxf6
8. h4 a6 9. Qd2 b5 10. O-O-O Bb7 11. Rh3 c5 12. Bxf6 Qxf6 13. Qe3 O-O 14. dxc5
Rfd8 15. Bd3 Qe7 16. Ng5 Nf6 17. Rg3 Rac8 18. c3 a5 19. b4 axb4 20. cxb4 Bc6
21. Nf3 Qa7 22. Rxg7+ Kf8 23. Qh6 Qa3+ 24. Kc2 Qxa2+ 25. Kc1 1/2-1/2

[Event "4MCRV_F"]
[Site "?"]
[Date "2004.??.??"]
[Round "?"]
[White "Nosek, Jaroslav"]
[Black "Kostal, Jindrich"]
[Result "0-1"]
[WhiteElo "2297"]
[BlackElo "2390"]
[PlyCount "95"]
[EventDate "2004.??.??"]
[EventType "corr"]
[SourceDate "2004.06.03"]

1. e4 e5 2. Nf3 Nc6 3. Bb5 a6 4. Ba4 Nf6 5. O-O Be7 6. Re1 b5 7. Bb3 d6 8. c3
O-O 9. h3 Nb8 10. d4 Nbd7 11. Nbd2 Bb7 12. Bc2 Re8 13. Nf1 Bf8 14. Ng3 g6 15.
a4 c5 16. d5 c4 17. Be3 Nc5 18. Qe2 Qc7 19. Ra3 Nfd7 20. Rea1 Bg7 21. Nd2 Nb6
22. axb5 axb5 23. Rxa8 Rxa8 24. Rxa8+ Bxa8 25. b4 cxb3 26. Nxb3 Nc4 27. Bc1 Na5
28. Qd3 Bb7 29. Ne2 Bc8 30. Qf3 Qa7 31. Bd3 Nab7 32. Ng3 Qa2 33. Qd1 Bd7 34.
Ne2 Na5 35. Qc2 Qxc2 36. Bxc2 f5 37. Nd2 Ncb7 38. Ba3 Bh6 39. Nb3 Nc4 40. Bb4
fxe4 41. Bxe4 Kf7 42. Na5 Nbxa5 43. Bxa5 Ke7 44. g4 Bd2 45. Kg2 Bc8 46. Bf3 Ba6
47. Bb4 Bb7 48. Ba5 0-1

[Event "4MCRV_F"]
[Site "?"]
[Date "2004.??.??"]
[Round "?"]
[White "Nosek, Jaroslav"]
[Black "Priesol, Daniel"]
[Result "1/2-1/2"]
[WhiteElo "2297"]
[BlackElo "2304"]
[PlyCount "66"]
[EventDate "2004.??.??"]
[EventType "corr"]
[SourceDate "2004.06.03"]

1. e4 e5 2. Nf3 Nf6 3. Nxe5 d6 4. Nf3 Nxe4 5. d4 d5 6. Bd3 Bd6 7. O-O O-O 8. c4
c6 9. Qc2 Na6 10. a3 Re8 11. Nc3 Bg4 12. Nxe4 dxe4 13. Bxe4 Bxf3 14. Bxf3 Qh4
15. g3 Qxd4 16. Be3 Qf6 17. Be4 g6 18. b4 Nc7 19. Rad1 a5 20. b5 Bxa3 21. bxc6
bxc6 22. Bd4 Qe6 23. Rfe1 Bf8 24. Re3 Bh6 25. f4 Ra6 26. c5 Qc8 27. Bb2 Bg7 28.
Bxg7 Kxg7 29. f5 Nd5 30. Rf3 Qb7 31. Qc4 Raa8 32. Bxd5 cxd5 33. Rxd5 Qb4
1/2-1/2

[Event "4MCRV_F"]
[Site "?"]
[Date "2004.??.??"]
[Round "?"]
[White "Nosek, Jaroslav"]
[Black "Pytlik, Lesek"]
[Result "0-1"]
[WhiteElo "2297"]
[BlackElo "2361"]
[PlyCount "68"]
[EventDate "2004.??.??"]
[EventType "corr"]
[SourceDate "2004.06.03"]

1. e4 d6 2. d4 Nf6 3. Nc3 g6 4. f4 Bg7 5. Nf3 O-O 6. Be3 b6 7. Qd2 Bb7 8. e5
Ng4 9. O-O-O c5 10. dxc5 bxc5 11. Bxc5 Qa5 12. Ba3 dxe5 13. h3 Bh6 14. Ng5 exf4
15. Nxf7 Rxf7 16. hxg4 Bg5 17. Ne4 Qxd2+ 18. Nxd2 f3 19. Bc4 fxg2 20. Bxf7+
Kxf7 21. Rxh7+ Kg8 22. Rxe7 Na6 23. Ree1 Bf3 24. Be7 Bf4 25. Rg1 Re8 26. Rde1
Bb7 27. Re2 Bc7 28. Kd1 Bb6 29. Bc5 Rxe2 30. Bxb6 Rxd2+ 31. Kxd2 axb6 32. Ke3
Nc5 33. Kf2 Kf7 34. Rd1 Bc6 0-1

[Event "4MCRV_F"]
[Site "?"]
[Date "2004.??.??"]
[Round "?"]
[White "Nosek, Jaroslav"]
[Black "Schwarz, Jan"]
[Result "1/2-1/2"]
[WhiteElo "2297"]
[BlackElo "2270"]
[PlyCount "57"]
[EventDate "2004.??.??"]
[EventType "corr"]
[SourceDate "2004.06.03"]

1. e4 e5 2. Nf3 Nc6 3. Bb5 Nf6 4. O-O Nxe4 5. Re1 Nd6 6. Nxe5 Be7 7. Bf1 Nxe5
8. Rxe5 O-O 9. d4 Bf6 10. Re1 Re8 11. c3 Rxe1 12. Qxe1 Nf5 13. Bd3 Qe7 14. Qxe7
Nxe7 15. Nd2 d5 16. Nb3 a5 17. a4 g5 18. h4 h6 19. Be3 b6 20. hxg5 hxg5 21. f3
Nf5 22. Bf2 Ng7 23. Nd2 Ne6 24. Nf1 c5 25. Ne3 Nf4 26. Bb5 Be6 27. Rd1 cxd4 28.
cxd4 Rc8 29. Be1 1/2-1/2

[Event "4MCRV_F"]
[Site "?"]
[Date "2004.??.??"]
[Round "?"]
[White "Nosek, Jaroslav"]
[Black "Vondracek, Emil"]
[Result "0-1"]
[WhiteElo "2297"]
[BlackElo "2268"]
[PlyCount "126"]
[EventDate "2004.??.??"]
[EventType "corr"]
[SourceDate "2004.06.03"]

1. e4 e5 2. Nf3 Nf6 3. Nxe5 d6 4. Nf3 Nxe4 5. d4 d5 6. Bd3 Be7 7. O-O Bg4 8. c4
O-O 9. cxd5 Nf6 10. Nc3 Nxd5 11. Re1 Nxc3 12. bxc3 Nd7 13. Rb1 Rb8 14. h3 Bh5
15. Rb5 Bg6 16. Bxg6 hxg6 17. Qb3 b6 18. Bf4 Rc8 19. Qa4 Bd6 20. Bg5 Nf6 21.
Rb2 Qd7 22. Qxd7 Nxd7 23. Rbe2 f6 24. Bd2 Kf7 25. c4 Rfe8 26. d5 Rxe2 27. Rxe2
Rb8 28. Nd4 Ne5 29. Bf4 Nxc4 30. Bxd6 Nxd6 31. Rc2 Rc8 32. Nc6 Ra8 33. Kf1 a5
34. Nd4 Rc8 35. Nc6 Re8 36. Nd4 Re7 37. Nc6 Re4 38. f3 Ra4 39. Re2 Nb5 40. Nd8+
Kg8 41. Ne6 Nc3 42. Rd2 Rxa2 43. Rxa2 Nxa2 44. Nxc7 Nc3 45. d6 Kf7 46. Ke1 b5
47. Kd2 b4 48. Kd3 a4 49. Na6 Nd5 50. Nc5 a3 51. Kc4 Nf4 52. g3 a2 53. Nb3 Nxh3
54. Kxb4 Ng1 55. Ka3 Nxf3 56. Kxa2 Ke6 57. Kb2 Kxd6 58. Kc3 Ke5 59. Kd3 Kf5 60.
Ke2 Kg4 61. Kf2 g5 62. Nc5 f5 63. Kg2 f4 0-1

[Event "4MCRV_F"]
[Site "?"]
[Date "2004.??.??"]
[Round "?"]
[White "Nosek, Jaroslav"]
[Black "Vozda, Jindrich"]
[Result "0-1"]
[WhiteElo "2297"]
[BlackElo "2494"]
[PlyCount "56"]
[EventDate "2004.??.??"]
[EventType "corr"]
[SourceDate "2004.06.03"]

1. e4 c5 2. Nf3 Nc6 3. d4 cxd4 4. Nxd4 Nf6 5. Nc3 e5 6. Ndb5 d6 7. Bg5 a6 8.
Na3 b5 9. Bxf6 gxf6 10. Nd5 f5 11. Bd3 Be6 12. Qh5 Rg8 13. g3 Rg6 14. c3 Rc8
15. Qf3 Bxd5 16. exd5 e4 17. Qxf5 Rg5 18. Qf4 exd3 19. dxc6 Re5+ 20. Kd2 Qe7
21. Qg4 Rxc6 22. Kxd3 h5 23. Qf3 d5 24. Qf4 f6 25. Qf3 b4 26. Nc2 bxc3 27. bxc3
Bh6 28. Ne3 Qh7+ 0-1

[Event "4MCRV_F"]
[Site "?"]
[Date "2004.??.??"]
[Round "?"]
[White "Pravec, Ladislav"]
[Black "Brousek, Jiri"]
[Result "1/2-1/2"]
[WhiteElo "2350"]
[BlackElo "2361"]
[PlyCount "77"]
[EventDate "2004.??.??"]
[EventType "corr"]
[SourceDate "2004.06.03"]

1. d4 e6 2. c4 f5 3. g3 Nf6 4. Bg2 c6 5. Nf3 d5 6. O-O Bd6 7. Qc2 O-O 8. Ne5
Qe7 9. Nd2 c5 10. e3 Ne4 11. Ndf3 b6 12. dxc5 bxc5 13. b3 Bb7 14. Bb2 Nd7 15.
Nxd7 Qxd7 16. Ne5 Qc7 17. Nd3 Rfe8 18. Rad1 Rad8 19. f3 Ng5 20. Qc3 Bc6 21. h4
d4 22. exd4 cxd4 23. Qxd4 e5 24. Qc3 e4 25. hxg5 exd3 26. Rxd3 Be5 27. Qc2 Rxd3
28. Bxe5 Qd7 29. Bf4 a6 30. Kh2 Qd4 31. Qf2 Qd7 32. Qc2 Qd4 33. Qf2 Qxf2 34.
Rxf2 Re1 35. Bd2 Rd1 36. Bb4 Kf7 37. f4 Bxg2 38. Kxg2 Re3 39. Bd2 1/2-1/2

[Event "4MCRV_F"]
[Site "?"]
[Date "2004.??.??"]
[Round "?"]
[White "Pravec, Ladislav"]
[Black "Bucek, Jiri"]
[Result "1/2-1/2"]
[WhiteElo "2350"]
[BlackElo "2336"]
[PlyCount "40"]
[EventDate "2004.??.??"]
[EventType "corr"]
[SourceDate "2004.06.03"]

1. d4 Nf6 2. c4 g6 3. Nc3 Bg7 4. e4 d6 5. Be2 O-O 6. Nf3 c5 7. O-O Nbd7 8. d5
a6 9. a4 b6 10. Bf4 Nh5 11. Be3 Nhf6 12. Qd2 Ng4 13. Bf4 Rb8 14. Ne1 Ngf6 15.
Bh6 Bxh6 16. Qxh6 e6 17. dxe6 fxe6 18. Rd1 Ne5 19. f4 Nf7 20. Qh4 Bb7 1/2-1/2

[Event "4MCRV_F"]
[Site "?"]
[Date "2004.??.??"]
[Round "?"]
[White "Pravec, Ladislav"]
[Black "Kuchta, Jiri"]
[Result "1-0"]
[WhiteElo "2350"]
[BlackElo "2284"]
[PlyCount "121"]
[EventDate "2004.??.??"]
[EventType "corr"]
[SourceDate "2004.06.03"]

1. d4 d5 2. c4 e6 3. Nc3 Nf6 4. Nf3 c6 5. e3 Nbd7 6. Bd3 dxc4 7. Bxc4 b5 8. Bd3
a6 9. e4 c5 10. e5 cxd4 11. Nxb5 Nxe5 12. Nxe5 axb5 13. Bxb5+ Bd7 14. Nxd7 Qa5+
15. Bd2 Qxb5 16. Nxf8 Kxf8 17. b3 Ke7 18. a4 Qe5+ 19. Qe2 Kd6 20. Qxe5+ Kxe5
21. Ke2 Rhb8 22. b4 Ne4 23. Rhb1 Kd5 24. b5 Nxd2 25. Kxd2 Ra5 26. Rb4 Kc5 27.
Rab1 Rb6 28. Kd3 e5 29. f4 f6 30. Rc4+ Kd5 31. Rbb4 Ra8 32. Rc7 g5 33. fxe5
fxe5 34. Rbc4 Rd6 35. R7c5+ Ke6 36. Rb4 e4+ 37. Kxe4 d3 38. Rc1 Kd7 39. Rd1
Re8+ 40. Kf3 Kc7 41. b6+ Kb7 42. a5 Red8 43. Rd2 h6 44. Rb3 Rf8+ 45. Kg3 Rfd8
46. Kg4 Rd4+ 47. Kh5 Rh4+ 48. Kg6 Rd6+ 49. Kf7 Ra4 50. Rbxd3 Rxd3 51. Rxd3 Rxa5
52. Kg6 g4 53. Kxh6 Kxb6 54. Rd4 Ra8 55. Kg7 g3 56. h4 Ra7+ 57. Kg6 Kc5 58. Rg4
Ra6+ 59. Kh7 Ra3 60. h5 Ra7+ 61. Rg7 1-0

[Event "4MCRV_F"]
[Site "?"]
[Date "2004.??.??"]
[Round "?"]
[White "Pravec, Ladislav"]
[Black "Nosek, Jaroslav"]
[Result "1/2-1/2"]
[WhiteElo "2350"]
[BlackElo "2297"]
[PlyCount "66"]
[EventDate "2004.??.??"]
[EventType "corr"]
[SourceDate "2004.06.03"]

1. d4 Nf6 2. c4 e6 3. Nf3 b6 4. g3 Ba6 5. b3 Bb4+ 6. Bd2 Be7 7. Bg2 c6 8. Bc3
d5 9. Ne5 Nfd7 10. Nxd7 Nxd7 11. Nd2 O-O 12. O-O f5 13. a4 Nf6 14. a5 Qe8 15.
axb6 axb6 16. Qc2 Qh5 17. Ra2 Bb7 18. Rfa1 Rxa2 19. Qxa2 Ra8 20. Qb1 Qe8 21.
Bb2 c5 22. cxd5 Nxd5 23. Nc4 cxd4 24. Bxd4 b5 25. Nb6 Rxa1 26. Qxa1 Qd8 27. e3
Bf6 28. Nxd5 Bxd4 29. Qxd4 Bxd5 30. Bxd5 Qxd5 31. Qxd5 exd5 32. Kf1 Kf7 33. Ke2
Ke6 1/2-1/2

[Event "4MCRV_F"]
[Site "?"]
[Date "2004.??.??"]
[Round "?"]
[White "Pravec, Ladislav"]
[Black "Priesol, Daniel"]
[Result "1/2-1/2"]
[WhiteElo "2350"]
[BlackElo "2304"]
[PlyCount "40"]
[EventDate "2004.??.??"]
[EventType "corr"]
[SourceDate "2004.06.03"]

1. d4 Nf6 2. c4 g6 3. Nc3 Bg7 4. e4 d6 5. Be2 O-O 6. Nf3 e5 7. O-O Nbd7 8. Re1
exd4 9. Nxd4 Re8 10. Bf1 c6 11. Rb1 Ng4 12. Qxg4 Bxd4 13. Qd1 Be5 14. Qc2 Nc5
15. b4 Ne6 16. Be3 a5 17. b5 Nc5 18. g3 Bg4 19. Bg2 Qc7 20. Na4 cxb5 1/2-1/2

[Event "4MCRV_F"]
[Site "?"]
[Date "2004.??.??"]
[Round "?"]
[White "Pravec, Ladislav"]
[Black "Splichal, Josef"]
[Result "1-0"]
[WhiteElo "2350"]
[BlackElo "2279"]
[PlyCount "103"]
[EventDate "2004.??.??"]
[EventType "corr"]
[SourceDate "2004.06.03"]

1. d4 Nf6 2. c4 c5 3. d5 e6 4. Nc3 exd5 5. cxd5 d6 6. e4 g6 7. f4 Bg7 8. Bb5+
Nfd7 9. Nf3 a6 10. Bd3 b5 11. O-O O-O 12. Re1 Re8 13. a3 Nf6 14. Bc2 Bg4 15. h3
Bxf3 16. Qxf3 Nbd7 17. Be3 Nb6 18. Bf2 Nfd7 19. Re2 Nc4 20. Bb3 Na5 21. Bc2 Bd4
22. Bxd4 cxd4 23. Nd1 Rc8 24. b4 Qf6 25. Ra2 Nc4 26. a4 a5 27. bxa5 b4 28. Bd3
b3 29. Ra1 Nc5 30. Nf2 Ne3 31. Bb5 d3 32. Rb1 dxe2 33. Qxe3 Rf8 34. a6 Qg7 35.
Bxe2 Rfe8 36. Bb5 Re7 37. e5 f6 38. e6 f5 39. Kh2 Rec7 40. Nd3 Nxd3 41. Bxd3
Qc3 42. a7 Kg7 43. Rd1 Kf8 44. Re1 Ke7 45. Qf2 h5 46. Bb5 Ra8 47. Bd7 Qh8 48.
Rb1 Raxa7 49. Rxb3 Ra8 50. Bc6 Rac8 51. a5 Qa1 52. Rb2 1-0

[Event "4MCRV_F"]
[Site "?"]
[Date "2004.??.??"]
[Round "?"]
[White "Pravec, Ladislav"]
[Black "Sykora, Josef"]
[Result "1/2-1/2"]
[WhiteElo "2350"]
[BlackElo "2399"]
[PlyCount "78"]
[EventDate "2004.??.??"]
[EventType "corr"]
[SourceDate "2004.06.03"]

1. d4 Nf6 2. c4 e6 3. Nf3 d5 4. Nc3 c6 5. e3 Nbd7 6. Bd3 dxc4 7. Bxc4 b5 8. Bd3
Bb7 9. O-O a6 10. e4 c5 11. d5 Qc7 12. dxe6 fxe6 13. Re1 c4 14. e5 O-O-O 15.
Bd2 Ng4 16. Be4 Bc5 17. Bxb7+ Kxb7 18. Ne4 Ndxe5 19. Nxc5+ Qxc5 20. Qe2 Nd3 21.
Rf1 Qh5 22. a4 Nge5 23. axb5 Nxf3+ 24. Qxf3+ Qxf3 25. bxa6+ Ka8 26. gxf3 Nxb2
27. Be3 Nd3 28. Ra4 Rc8 29. Rd1 h6 30. f4 Rc6 31. Rd2 Rb8 32. Kg2 Rb5 33. Kf3
g6 34. Ke4 Nc5+ 35. Bxc5 Rbxc5 36. Rc2 c3 37. Kd3 Rh5 38. Ra3 Rxh2 39. Ke3 Rh3+
1/2-1/2

[Event "4MCRV_F"]
[Site "?"]
[Date "2004.??.??"]
[Round "?"]
[White "Pravec, Ladislav"]
[Black "Valak, Alois"]
[Result "0-1"]
[WhiteElo "2350"]
[BlackElo "2250"]
[PlyCount "94"]
[EventDate "2004.??.??"]
[EventType "corr"]
[SourceDate "2004.06.03"]

1. d4 Nf6 2. c4 e6 3. Nf3 b6 4. g3 Ba6 5. b3 Bb4+ 6. Bd2 Be7 7. Bg2 O-O 8. O-O
d5 9. cxd5 exd5 10. Ne5 Bb7 11. Nc3 Nbd7 12. Nd3 Ne4 13. Rc1 Nxd2 14. Qxd2 Nf6
15. Ne5 c5 16. Rfd1 Re8 17. Qb2 Rc8 18. dxc5 Bxc5 19. Nd3 Bd6 20. Nb5 Bb8 21.
Nd4 Ne4 22. Rxc8 Qxc8 23. Rc1 Qd7 24. e3 h5 25. Qe2 g6 26. Qd1 h4 27. Nf3 hxg3
28. hxg3 Qe6 29. Nd4 Nxf2 30. Nxf2 Qxe3 31. g4 Ba6 32. Rc2 Qg3 33. Ne2 Qh2+ 34.
Kf1 Bg3 35. Qxd5 Bh4 36. Rc4 Rd8 37. Qe4 Rd2 38. g5 Bxg5 39. a4 Kf8 40. Qa8+
Kg7 41. Qe4 Bf6 42. Nh3 Bxc4 43. Qxc4 Qe5 44. Bf3 Qe3 45. Kg2 Bd4 46. b4 a5 47.
bxa5 bxa5 0-1

[Event "4MCRV_F"]
[Site "?"]
[Date "2004.??.??"]
[Round "?"]
[White "Priesol, Daniel"]
[Black "Bucek, Jiri"]
[Result "1/2-1/2"]
[WhiteElo "2304"]
[BlackElo "2336"]
[PlyCount "65"]
[EventDate "2004.??.??"]
[EventType "corr"]
[SourceDate "2004.06.03"]

1. e4 c5 2. Nf3 d6 3. d4 cxd4 4. Nxd4 Nf6 5. Nc3 a6 6. Be3 e5 7. Nb3 Be7 8. f3
Be6 9. Qd2 O-O 10. Nd5 Nxd5 11. exd5 Bf5 12. Be2 Bh4+ 13. g3 Bf6 14. c4 Nd7 15.
O-O a5 16. Rad1 a4 17. Na1 e4 18. f4 Bh3 19. Rfe1 Nc5 20. Qb4 Qc8 21. Nc2 Bd8
22. Bd2 Bg4 23. Ne3 Bxe2 24. Rxe2 Nd3 25. Qb5 Ra6 26. Rb1 Qh3 27. Nd1 Qg4 28.
Rg2 Nc5 29. Qb4 Qc8 30. Re2 Nd3 31. Qb5 Nc5 32. Qb4 Nd3 33. Qb5 1/2-1/2

[Event "4MCRV_F"]
[Site "?"]
[Date "2004.??.??"]
[Round "?"]
[White "Priesol, Daniel"]
[Black "Dedina, Miroslav"]
[Result "1/2-1/2"]
[WhiteElo "2304"]
[BlackElo "2297"]
[PlyCount "74"]
[EventDate "2004.??.??"]
[EventType "corr"]
[SourceDate "2004.06.03"]

1. e4 e5 2. Nf3 Nc6 3. d4 exd4 4. Nxd4 Bc5 5. Nxc6 Qf6 6. Qd2 dxc6 7. Nc3 Be6
8. Na4 Rd8 9. Bd3 Bd6 10. Qe3 Bb4+ 11. Bd2 Bxd2+ 12. Qxd2 Qd4 13. Nc3 Nf6 14.
Qf4 Qb6 15. O-O-O O-O 16. Qh4 Ng4 17. Rd2 Ne5 18. Rhd1 Qa5 19. a3 b5 20. Qe7
Qb6 21. f4 Ng6 22. Qg5 b4 23. axb4 Qxb4 24. Nb1 Rb8 25. c3 Qb6 26. Qg3 Bb3 27.
Re1 c5 28. f5 c4 29. fxg6 cxd3 30. gxh7+ Kxh7 31. Qh3+ Kg8 32. Qxd3 a5 33. h3
Rfd8 34. Qxd8+ Rxd8 35. Rxd8+ Kh7 36. Rd4 Qg6 37. Nd2 c5 1/2-1/2

[Event "4MCRV_F"]
[Site "?"]
[Date "2004.??.??"]
[Round "?"]
[White "Priesol, Daniel"]
[Black "Hladecek, Miloslav"]
[Result "1/2-1/2"]
[WhiteElo "2304"]
[BlackElo "2283"]
[PlyCount "43"]
[EventDate "2004.??.??"]
[EventType "corr"]
[SourceDate "2004.06.03"]

1. e4 e6 2. d4 d5 3. Nc3 Nf6 4. e5 Nfd7 5. f4 c5 6. Nf3 Nc6 7. Be3 c4 8. g3 Qb6
9. Rb1 Bb4 10. Qd2 Ba5 11. a3 Qc7 12. Bg2 Ne7 13. O-O O-O 14. Rfc1 Qd8 15. Bf2
a6 16. b4 Bc7 17. Re1 b5 18. Ra1 Nb6 19. a4 bxa4 20. Nxa4 Nxa4 21. Rxa4 Bd7 22.
Ra3 1/2-1/2

[Event "4MCRV_F"]
[Site "?"]
[Date "2004.??.??"]
[Round "?"]
[White "Priesol, Daniel"]
[Black "Kostal, Jindrich"]
[Result "1/2-1/2"]
[WhiteElo "2318"]
[BlackElo "2405"]
[PlyCount "39"]
[EventDate "2004.??.??"]
[EventType "corr"]
[SourceDate "2004.06.03"]

1. e4 e5 2. Nf3 Nc6 3. d4 exd4 4. Nxd4 Bc5 5. Nxc6 Qf6 6. Qd2 dxc6 7. Nc3 Be6
8. Na4 Bd6 9. Qe3 Nh6 10. h3 Qh4 11. g3 Qe7 12. Bd2 O-O 13. Bg2 f6 14. b3 Nf7
15. Rd1 a5 16. O-O b5 17. Nc3 Rad8 18. Kh2 Bc5 19. Qe2 Bb6 20. Be3 1/2-1/2

[Event "4MCRV_F"]
[Site "?"]
[Date "2004.??.??"]
[Round "?"]
[White "Priesol, Daniel"]
[Black "Pytlik, Lesek"]
[Result "0-1"]
[WhiteElo "2304"]
[BlackElo "2304"]
[PlyCount "68"]
[EventDate "2004.??.??"]
[EventType "corr"]
[SourceDate "2004.06.03"]

1. e4 e6 2. d4 d5 3. Nc3 Bb4 4. e5 c5 5. a3 Ba5 6. b4 cxd4 7. Nb5 Bc7 8. f4 Ne7
9. Qg4 Nf5 10. Bd3 g6 11. Nf3 Bd7 12. Nbxd4 Nxd4 13. Nxd4 Bb6 14. Bb2 a6 15.
Qh3 Nc6 16. Nb3 h5 17. Rd1 Rc8 18. Qf3 h4 19. g4 Qe7 20. Qe2 h3 21. g5 Na7 22.
Rf1 Ba4 23. Rf3 Nb5 24. Qf1 Nc3 25. Rc1 Qc7 26. Rg3 Kf8 27. Rxh3 Kg7 28. Qf3
Rxh3 29. Qxh3 Rh8 30. Qg3 Ne4 31. Bxe4 dxe4 32. Bd4 Bxb3 33. Bxb6 Qxb6 34. cxb3
Qd4 0-1

[Event "4MCRV_F"]
[Site "?"]
[Date "2004.??.??"]
[Round "?"]
[White "Priesol, Daniel"]
[Black "Schwarz, Jan"]
[Result "1/2-1/2"]
[WhiteElo "2304"]
[BlackElo "2270"]
[PlyCount "39"]
[EventDate "2004.??.??"]
[EventType "corr"]
[SourceDate "2004.06.03"]

1. e4 e5 2. Nf3 Nc6 3. d4 exd4 4. Nxd4 Bc5 5. Nxc6 Qf6 6. Qd2 dxc6 7. Nc3 Bd4
8. Bd3 Ne7 9. O-O Ng6 10. Kh1 Ne5 11. f3 Be6 12. Be2 Nc4 13. Qe1 O-O-O 14. f4
Ne3 15. Bxe3 Bxe3 16. e5 Qe7 17. Rd1 Rxd1 18. Nxd1 Bb6 19. a4 a5 20. Bd3
1/2-1/2

[Event "4MCRV_F"]
[Site "?"]
[Date "2004.??.??"]
[Round "?"]
[White "Priesol, Daniel"]
[Black "Vondracek, Emil"]
[Result "1/2-1/2"]
[WhiteElo "2304"]
[BlackElo "2286"]
[PlyCount "53"]
[EventDate "2004.??.??"]
[EventType "corr"]
[SourceDate "2004.06.03"]

1. e4 e5 2. Nf3 Nc6 3. d4 exd4 4. Nxd4 Bc5 5. Nxc6 Qf6 6. Qd2 dxc6 7. Nc3 Ne7
8. Qf4 Qe6 9. Qxc7 Bd6 10. Qa5 b5 11. a3 O-O 12. Be3 f5 13. O-O-O fxe4 14. Nxe4
Qxe4 15. Rxd6 Nf5 16. Rd3 Nxe3 17. Rxe3 Qg6 18. Qd2 Bf5 19. Rg3 Qf7 20. Qc3
Rae8 21. Bd3 Bxd3 22. Rxd3 Qg6 23. Rg3 Qh6+ 24. Kb1 Rxf2 25. Rd1 Qf6 26. Qxf6
Rxf6 27. Rd7 1/2-1/2

[Event "4MCRV_F"]
[Site "?"]
[Date "2004.??.??"]
[Round "?"]
[White "Priesol, Daniel"]
[Black "Vozda, Jindrich"]
[Result "1-0"]
[WhiteElo "2304"]
[BlackElo "2494"]
[PlyCount "81"]
[EventDate "2004.??.??"]
[EventType "corr"]
[SourceDate "2004.06.03"]

1. e4 e5 2. Nf3 Nc6 3. d4 exd4 4. Nxd4 Bc5 5. Nxc6 Qf6 6. Qd2 dxc6 7. Nc3 Be6
8. Na4 Bd6 9. Qe3 Nh6 10. h3 Qh4 11. g3 Qe7 12. Bg2 f6 13. Bd2 O-O 14. b3 Rad8
15. Rd1 Nf7 16. O-O Rfe8 17. Kh2 f5 18. Nc3 Be5 19. Rfe1 Bd4 20. Qe2 f4 21. Nb1
a6 22. Bxf4 Bc5 23. Rxd8 Rxd8 24. Be3 a5 25. f4 Kh8 26. e5 Bxe3 27. Qxe3 Nh6
28. Nd2 Nf5 29. Qf2 Bd5 30. Ne4 b6 31. c3 a4 32. bxa4 Qa3 33. g4 Ne7 34. f5 Rf8
35. Qc2 Bc4 36. Ng5 h6 37. Nf3 Kg8 38. Nd4 Rd8 39. f6 gxf6 40. Nxc6 Bd3 41.
Qb3+ 1-0

[Event "4MCRV_F"]
[Site "?"]
[Date "2004.??.??"]
[Round "?"]
[White "Pytlik, Lesek"]
[Black "Dedina, Miroslav"]
[Result "1/2-1/2"]
[WhiteElo "2361"]
[BlackElo "2297"]
[PlyCount "56"]
[EventDate "2004.??.??"]
[EventType "corr"]
[SourceDate "2004.06.03"]

1. e4 e5 2. Nf3 Nc6 3. Bb5 a6 4. Ba4 Nf6 5. O-O b5 6. Bb3 Bb7 7. d3 Bc5 8. Nc3
O-O 9. a4 Na5 10. axb5 Nxb3 11. cxb3 axb5 12. Rxa8 Bxa8 13. Nxe5 d5 14. Bg5
dxe4 15. dxe4 Qxd1 16. Rxd1 b4 17. Bxf6 bxc3 18. bxc3 gxf6 19. Nd7 Bd6 20. Nxf8
Kxf8 21. f3 Ke7 22. g4 Bc6 23. h3 Ke6 24. Kf2 Ke5 25. Kg3 Ke6+ 26. Kg2 Ke5 27.
Ra1 Kf4 28. c4 Ke3 1/2-1/2

[Event "4MCRV_F"]
[Site "?"]
[Date "2004.??.??"]
[Round "?"]
[White "Pytlik, Lesek"]
[Black "Hladecek, Miloslav"]
[Result "1/2-1/2"]
[WhiteElo "2304"]
[BlackElo "2283"]
[PlyCount "62"]
[EventDate "2004.??.??"]
[EventType "corr"]
[SourceDate "2004.06.03"]

1. e4 e6 2. d4 d5 3. Nd2 c5 4. exd5 Qxd5 5. Ngf3 cxd4 6. Bc4 Qh5 7. O-O Nc6 8.
Nb3 Bd7 9. Be2 Nf6 10. Nfxd4 Qe5 11. f4 Qc7 12. Be3 a6 13. Bf3 Bd6 14. Nxc6
Bxc6 15. Bxc6+ Qxc6 16. Bd4 O-O-O 17. Qe2 h5 18. Rf3 Kb8 19. a4 Rd7 20. a5 h4
21. Re1 h3 22. g3 Rhd8 23. Rc3 Qa4 24. Rd3 Qc4 25. Red1 Bc7 26. Qf1 Qb4 27. Bc3
Rxd3 28. Rxd3 Qe4 29. Bd4 Qf5 30. Qf3 Qb5 31. Qf1 Qf5 1/2-1/2

[Event "4MCRV_F"]
[Site "?"]
[Date "2004.??.??"]
[Round "?"]
[White "Pytlik, Lesek"]
[Black "Kostal, Jindrich"]
[Result "1-0"]
[WhiteElo "2304"]
[BlackElo "2390"]
[PlyCount "73"]
[EventDate "2004.??.??"]
[EventType "corr"]
[SourceDate "2004.06.03"]

1. e4 e5 2. Nf3 Nc6 3. Bb5 a6 4. Ba4 Nf6 5. O-O Be7 6. Re1 b5 7. Bb3 d6 8. c3
O-O 9. h3 Nb8 10. d4 Nbd7 11. Nbd2 Bb7 12. Bc2 Re8 13. Nf1 Bf8 14. Ng3 g6 15.
a4 c5 16. d5 c4 17. Bg5 Nc5 18. Qd2 Be7 19. Ra3 Nfd7 20. Be3 Qc7 21. Rea1 Nb6
22. axb5 axb5 23. Nh2 Rxa3 24. Rxa3 h5 25. Nf3 Ra8 26. Rxa8+ Bxa8 27. Ng5 Bb7
28. Qd1 Nba4 29. Nxh5 gxh5 30. Qxh5 Bf6 31. Bxa4 bxa4 32. Bxc5 Bxg5 33. Qxg5+
Kf8 34. Ba3 Ke8 35. Qg8+ Ke7 36. h4 Qd7 37. h5 1-0

[Event "4MCRV_F"]
[Site "?"]
[Date "2004.??.??"]
[Round "?"]
[White "Pytlik, Lesek"]
[Black "Kuta, Jiri"]
[Result "1/2-1/2"]
[WhiteElo "2361"]
[BlackElo "2322"]
[PlyCount "37"]
[EventDate "2004.??.??"]
[EventType "corr"]
[SourceDate "2004.06.03"]

1. d3 g6 2. Nf3 Bg7 3. g3 d5 4. Bg2 e5 5. O-O Ne7 6. c4 c6 7. cxd5 cxd5 8. e4
Nbc6 9. Nc3 O-O 10. exd5 Nxd5 11. Nxe5 Nxc3 12. Nxc6 Nxd1 13. Nxd8 Nxb2 14.
Bxb2 Bxb2 15. Rab1 Rxd8 16. Rxb2 Rxd3 17. Rfb1 Bf5 18. Rxb7 Rad8 19. Rb8
1/2-1/2